000 01036nam0a22002771 4500
001 RU\NLR\A1SV\75651
005 20251203171251.9
035 _a(NLR Aleph) 009757142
090 _a10004154
_c10004154
100 _a20070111d1922 u y0rusy50 ca
101 0 _arus
102 _aRU
200 1 _aАнгло-русские отношения в Афганском вопросе
_eСтеногр. докл. на заседании Ориент.-экон. семинария Петрогр. практ. ин-та нар. хоз. 19 июн 1922 г.
_fП.Б.Левин, нуач. сотр. Петрогр. практ. ин-та нар. хоз.
210 _aПг.
_d[1922]
215 _a35 с.
_d23 см
300 _aНа правах рукоп.
320 _aБиблиогр.: с.33-35
620 _dСанкт-Петербург
700 1 _aЛевин
_bП.Б.
_gПав. Б.
801 0 _aRU
_bNLR
_c20070111
852 _aNLR
_jИр 10 В-6/6
899 _aСПбГУ
942 _cBOOK
980 _aNB
980 _aA1SV